LEADER 01004nam0-22003131i-450- 001 990005873210403321 005 20060213113716.0 010 $a88-7166-211-3 035 $a000587321 035 $aFED01000587321 035 $a(Aleph)000587321FED01 035 $a000587321 100 $a20000421d1995----km-y0itay50------ba 101 0 $aita 105 $af-------001yy 200 1 $aArchitettura greca a Caulonia$eedilizia monumentale e decorazione architettonica in una città della Magna grecia$fFederico Barello. 210 $dc1995$aFirenze$cLe Lettere 215 $aXIII, 138 p.$c60 tav.$d31 cm 225 1 $aStudi e materiali di archeologia$v9 610 0 $aArchitettura$aCaulonia$aSec. 6.-3. a. C. 676 $a722.809377$v21$zita 700 1$aBarello,$bFederico$0162837 801 0$aIT$bUNINA$gRICA$2UNIMARC 901 $aBK 912 $a990005873210403321 952 $a722.8 BAR 1$bBibl.29577$fFLFBC 959 $aFLFBC 996 $aArchitettura greca a Caulonia$986236 997 $aUNINA LEADER 01045nam a22002411i 4500 001 991004199629707536 005 20020826112101.0 008 020826s1935 be |||||||||||||||||fre 035 $ab11937543-39ule_inst 035 $aARCHE-002736$9ExL 040 $aDip.to Filologia Ling. e Lett.$bita$cA.t.i. Arché s.c.r.l. Pandora Sicilia s.r.l. 100 1 $aBrowning, Robert$d<1812-1889>$0322261 245 10$aSordello /$cRobert Browning ; premiere traduction integrale, introduction, sommaires et notes par Paul de Reul 260 $aBruxelles :$bEditions de la Revue de l'Universite,$c1935 300 $aVII, 193 p. ;$c26 cm 490 0 $aTravaux de la Faculté de philosophie et lettres Université libre de Bruxelles 700 1 $aReul, Paul :$cde 907 $a.b11937543$b28-04-17$c01-04-03 912 $a991004199629707536 945 $aLE008 TS L V 36$g1$i2008000337605$lle008$o-$pE0.00$q-$rn$so $t0$u0$v0$w0$x0$y.i12211473$z01-04-03 996 $aSordello$9913432 997 $aUNISALENTO 998 $ale008$b01-04-03$cm$da $e-$ffre$gbe $h0$i1